[Event "Villa Ballester op 73rd"]
[Site "Buenos Aires"]
[Date "2024.01.20"]
[Round "2"]
[White "Genera, Felipe"]
[Black "Laurel, Ezequiel"]
[Result "0-1"]
[WhiteElo "1052"]
[BlackElo "1602"]
[PlyCount "58"]
[EventDate "2024.01.19"]
[EventType "swiss"]
[EventRounds "9"]
[EventCountry "ARG"]
[SourceTitle "CBM 218 Extra"]
[Source "ChessBase"]
[SourceDate "2024.03.31"]
[SourceVersion "1"]
[SourceVersionDate "2024.03.31"]
[SourceQuality "1"]

1. e4 c5 2. Nc3 Nc6 3. Bb5 e6 4. Nf3 Nge7 5. 0-0 a6 6. Bxc6 Nxc6 7. d4 cxd4 8. Nxd4 Nxd4 9. Qxd4 Qe7 10. Be3 Qd6 11. f4 Qxd4 12. Bxd4 f6 13. e5 f5 14. Na4 b5 15. Nc3 Bb7 16. Rac1 Be7 17. Ne2 Rc8 18. Be3 Kf7 19. Nd4 h6 20. Nf3 Rhg8 21. Nd2 g5 22. g3 gxf4 23. Bf2 fxg3 24. hxg3 h5 25. c4 h4 26. Kh2 hxg3+ 27. Bxg3 Rh8+ 28. Kg1 Bc5+ 29. Rf2 Rh1# 0-1